000 00569nam a2200229Ia 4500
003 OSt
005 20220928144734.0
006 a|||||r|||| 00| 0
007 ta
008 220927b |||||||| |||| 00| 0 eng d
024 _a73427
037 _cTextual
040 _aSDCL
_cSDCL
_beng
041 _2eng
_aeng
082 _aX:75, P2
100 _aDatta K L
_9450329
245 0 _aFacets of Indian poverty.
260 _c2002
700 _a Sharma Savita
_9509346
942 _hX:75, P2
_cTEXL
_2CC
999 _c829328
_d829328